[Event "Hessen-ch U14/18 Girls"]
[Site "Bad Homburg"]
[Date "2005.??.??"]
[Round "2"]
[White "Fork, Swetlana"]
[Black "Schneider, Verena"]
[Result "1-0"]
[WhiteElo "791"]
[BlackElo "794"]
[PlyCount "53"]
[EventDate "2005.04.??"]
[EventType "swiss"]
[EventRounds "8"]
[EventCountry "GER"]
[SourceTitle "EXT 2007"]
[Source "ChessBase"]
[SourceDate "2006.11.23"]
[SourceVersion "1"]
[SourceVersionDate "2006.11.23"]
[SourceQuality "1"]

1. e4 e5 2. d4 Nc6 3. c3 d6 4. Bc4 Qf6 5. Nf3 Bg4 6. 0-0 Qg6 7. Qd3 Bh3 8. Nh4 Qg4 9. Qxh3 Qxh3 10. gxh3 0-0-0 11. Bxf7 Nf6 12. Be6+ Nd7 13. Nf3 exd4 14. Ng5 Nce5 15. f4 Be7 16. fxe5 Bxg5 17. Bxg5 Rde8 18. Bxd7+ Kxd7 19. Rf7+ Kc6 20. exd6 cxd6 21. cxd4 Rxe4 22. Nc3 Rxd4 23. Re1 h6 24. Be3 Rh4 25. Bxa7 Rxh3 26. Ree7 h5 27. Rc7# 1-0